00719nam a2200229 a 4500001001400000003000400014005001700018008004100035020002900076040002900105082001400134245004700148246004600195246006500241264005600306300002400362336002100386337002500407338002300432500001900455650001500474vtls000654656PNM20201020164135.0110907s2010 mau e 001 0 eng d a9781422157992qpaperback aPNMbengcPNMdPPAKerda04a650.122300aHBR's 10 must reads On Managing Yourself / 3aHBR's ten must reads on managing yourself 3aHarvard business review's 10 must reads on managing yourself 1aBoston, Mass.bHarvard Business Review Press,c2010 av, 198 pagesc21 cm 2rdacontentatext 2rdamediaaunmediated 2rdacarrieravolume aIncludes index10aManagement